| 000 | 00811aab a2200205 i 4500 | ||
|---|---|---|---|
| 001 | 768714001 | ||
| 003 | CO-MdFUSB | ||
| 005 | 20240618062716.0 | ||
| 008 | 240418t1987 ag ||||| |||| 00| 0 spa d | ||
| 040 |
_bspa _cCO-MdFUSB |
||
| 041 | _aspa | ||
| 100 | 1 |
_aPadilla, C. René _eautor |
|
| 245 |
_aMisión y no violencia _c/ C. René Padilla |
||
| 300 |
_aVolumen 6, número 3 (septiembre, 1987), páginas: 4 - 5 _c; 27 cm |
||
| 520 | _aRefiere a la no violencia cristiana, como una señal y signo de ese nuevo mundo que se ha iniciado ya en Jesucristo y que se manifestará en toda su perfección cuando él vuelva. | ||
| 650 | 0 |
_aMisiones _9154 |
|
| 650 | 7 |
_aViolencia _92121 |
|
| 773 | 0 |
_tIglesia y Misión _049402 _959679 _gVolumen 6, número 3 (septiembre, 1987), páginas: 4 - 5 _qpágina: 4 |
|
| 942 | _cANA | ||
| 999 |
_c51715 _d51715 |
||